LEADER 01122nam a2200277 u 4500 001 000000032263 003 CaOOAMICUS 005 20070226112231.0 008 971015s1971 fr u000 u fre u 035 $a10772985 040 $aPUL(R)$bita 041 1 $afre$heng 100 1 $aMoule, C. F. D.$q(Charles Francis Digby),$d1908-$0(OLS)http://pul/name/25352 240 10$aBirth of the New Testament.$lFrancese.$0(OLS)http://pul/title/44465 245 13$aLa Genèse du Nouveau Testament /$cversion française par Robert Mazerand. 260 $aParis :$bDelachaux & Niestlé éditeurs,$cc1971. 300 $a218 p. ;$c23 cm 490 1 $aLe monde de la Bible 500 $aInclude indici. 830 3$aLe monde de la Bible.$0(OLS)http://pul/title/19587 850 $aPUL 852 $aPUL$W1$xSL Religione 1$y3$m9 A 1$j44518$nBK-PRI$b $qStampati$B44518$CPULBib$Z2$F44518 $H $81 941 1 $a8 961 $aINV: 37579 996 $6245$aLa Genèse du Nouveau Testament$9(OLS)http://pul/title/44466 996 $6260$aParis :$bDelachaux & Niestlé éditeurs$9(OLS)http://pul/publisher/61347 LEADER 01226nam a2200241 u 4500 001 000000087207 003 CaOOAMICUS 005 20070226124400.0 008 051010m19041906it ad u000 u ita u 035 $a11062753 040 $aPUL(R)$bita 100 1 $aMüller, Adolfo,$cd.C.d.G.$0(OLS)http://pul/name/56934 245 10$aElementi di astronomia :$bad uso delle scuole e per istruzione privata /$ccompilati dal P. Adolfo Müller. 260 $aRoma :$bDesclée, Lefebvre,$c1904-1906. 300 $a2 v. :$bdiagr., ill. ;$c23 cm 505 0 $av. 1. Astrometria - Astromeccanica. -- v. 2. Astrofisica - Astrocronaca. 650 4$aAstronomia$xManuali, trattati, ecc.$0(OLS)http://pul/subject/28940 850 $aPUL 852 $aPUL$W1$xDP1 Fondo Cecchetti$y53$m299 H 28$j110607$nBK-PRI$b $qFondi$B110608$CPULBib$Z2$F110608 $HPUL5187-5188 $81 852 $aPUL$W1$xDP1 Fondo Cecchetti$y53$m299 H 27$j174612$nBK-PRI$b $qFondi$B110607$CPULBib$Z2$F110607 $HPUL5187-5188 $81 941 1 $a1 996 $6245$aElementi di astronomia :$bad uso delle scuole e per istruzione privata$9(OLS)http://pul/title/112879 996 $6260$aRoma :$bDesclée, Lefebvre$9(OLS)http://pul/publisher/57297